00965nam a2200217 a 450000100100000000500170001000800410002704000250006808200160009311100770010924501600018624600600034626000780040630000270048450000590051170000440057070000260061470000310064070000410067170000350071200004637420201002052826.0150806s1999 dr a 000 0 spa d aDO-SdBNPbspacBNPHU axxxxbF418i2 aFestival internacional de Cinen(1er.:d1999 jul. 8-18 :cSanto Domingo)10a1er. Festival internacional de cine de Santo Domingo. /ctextos Arturo Rodríguez Fernández, Lidia Bastos ; traducción Sócrates Mc Kinney...[et.al].10aPrimer Festival internacional de cine de Santo Domingo. aSanto Domingo; :bFestival Internacional de Cine de Santo Domingo,c1999. a77 p. :bil. ;c22 cm. aA presentarse en el Palacio del Cine y Cine Lumiére.12aRodríguez Fernández, Arturoetextos12aBastos, Lidiaetextos12aMc Kinney, Sócrateseil.12aRodríguez Fernández, Arturoeil.12aElías, Carlos Franciscoeil.